000
00368nam a2200169 a 4500
001
4140
005
20140414131931.0
008
090218s19uu xx 00 eng d
020
_a
050
_a
REF 031.02
_b
Aw1 2008
245
_a
Awesome facts.
250
_a
260
_a
Manila :
_b
Igloo,
_c
2008.
440
_a
650
_a
World facts
999
_c
112221
_d
112221